000 00317nam a22001457a 4500
008 210511b ||||| |||| 00| 0 eng d
020 _a9781590598849
041 _aeng
080 _24th
_a004
082 _a004
100 _a28
101 _aSHKI
245 _aNET 3.5 Platform
_cAndrew Troelsen
942 _2udc
_cBK
999 _c57234
_d57234